000 00570nam a2200193Ia 4500
005 20260120124637.0
008 008 260114s9999 xx 000 0 eng d
020 _a9780762308934
037 _aEBOOK
040 _aCRL
_beng
_cCRL
041 _aeng
_2eng
084 _qCRL
245 0 _aDebates and Developments in Ethonographic Methodology
260 _bEmerald Publishing
_c2002
700 _aGeoffrey Walford
_9908754
856 _uhttps://www.emerald.com/insight/publication/doi/10.1016/S1529-210X(2002)6
942 _cEBOOK
999 _c1500662
_d1500662